| 000 | nam a22 a 4500 | ||
|---|---|---|---|
| 999 |
_c141609 _d141609 |
||
| 003 | BLK | ||
| 005 | 20230116111635.0 | ||
| 008 | 180409b bul|||||r ||||||| ||bul|| | ||
| 010 | _aKNG00147681000 | ||
| 040 | _aBLK | ||
| 041 |
_aBUL _cBUL |
||
| 080 |
_aБългарска литература _b821.163.2 _x-93-1 _z821.163.2-93-1 |
||
| 100 | 1 |
_aПантелеев, Димитър _eпърви автор _gМенкаджиев, Димитър Пантелеев _9367299 |
|
| 139 |
_aПантелеев, Димитър _bП 19 |
||
| 245 | 1 | 0 |
_aОт прозореца на бащината къща _bСтихотворения за деца и юноши _cДимитър Пантелеев; ил. Иван Кьосев; * Димитър Пантелеев Менкаджиев. |
| 257 | _aBGR | ||
| 260 |
_bБълг. писател _c1961 _aСофия |
||
| 300 |
_a140 с. _bс ил. _c22 см |
||
| 380 | _aDX | ||
| 500 | _aПълното име на авт. е Димитър Пантелеев Менкаджиев. - 4 100 тир. | ||
| 700 | 1 |
_aКьосев, Иван _eил. _9367385 |
|
| 700 | 1 |
_aМенкаджиев, Димитър Пантелеев _e* _9274881 |
|
| 852 | _aЦб 261881 | ||
| 856 | 4 |
_qpdf _i0.00 _ldisable |
|
| 856 | 4 |
_qpdf _i0.00 _ldisable |
|
| 942 |
_cKNG _n0 _s1 |
||
| 944 |
_aCR _c29.07.2013 _l29.07.2013 - от С1,Р / 29.07.2013 _kСерджан_Ахмедов |
||
| 944 |
_aED _c29.07.2013 _l29.07.2013 - от С1,Р / 29.07.2013 |
||
| 999 | _d141609 | ||